[Event "ICS rated blitz match"]
[Site "207.99.83.229"]
[Date "1999.07.08"]
[Round "?"]
[White "Beadle"]
[Black "Hossa"]
[Result "1-0"]
[WhiteElo "2552"]
[BlackElo "2382"]
[PlyCount "67"]

1. e4 e5 2. Nf3 Qe7 3. Nc3 Nf6 4. Bc4 d6 5. d3 Nc6 6. Be3 Be6 7. O-O Bxc4 8.
dxc4 O-O-O 9. Nd5 Qd7 10. Qd3 Kb8 11. Ng5 h6 12. Nf3 Qg4 13. Nxf6 gxf6 14. h3
Qg7 15. Kh1 Rg8 16. Rg1 Qg6 17. Nh4 Qh7 18. Nf5 Bg7 19. Qb3 Ka8 20. Rad1 Qg6
21. Rd5 Rde8 22. Qa4 a6 23. f3 Bf8 24. Ra5 Kb8 25. Rxa6 bxa6 26. Qxa6 Bg7 27.
Qb5+ Kc8 28. Qxc6 Kb8 29. Nxd6 cxd6 30. Qxd6+ Kb7 31. Qd7+ Kb8 32. Bb6 Qg3 33.
Qa7+ Kc8 34. Qc7# {Hossa checkmated} 1-0

[Event "ICS Rated blitz match"]
[Site "207.99.83.229"]
[Date "1999.07.08"]
[Round "?"]
[White "Hossa"]
[Black "RedBear"]
[Result "0-1"]
[WhiteElo "2373"]
[BlackElo "2480"]
[PlyCount "150"]

1. d4 d5 2. c4 e6 3. Nc3 Nf6 4. cxd5 Nxd5 5. e4 Nxc3 6. bxc3 c5 7. Rb1 Be7 8.
Bb5+ Nd7 9. Nf3 O-O 10. O-O cxd4 11. cxd4 Nf6 12. Qd3 a6 13. Ba4 b5 14. Bc2 Bb7
15. Re1 Qa5 16. Qb3 Rac8 17. Bd2 Qa3 18. Bd3 Qxb3 19. axb3 Rfd8 20. b4 h6 21.
Ra1 Bf8 22. Ra3 Kh8 23. Rc3 Rxc3 24. Bxc3 Kg8 25. Bd2 g6 26. Bb1 Ba8 27. Re2
Rd7 28. Kh1 Be7 29. Bd3 g5 30. h3 Bd8 31. Be1 Bb6 32. Bc3 g4 33. hxg4 Nxg4 34.
Kg1 h5 35. Ra2 Bb7 36. Ba1 Kf8 37. Ra3 f6 38. Ra2 Ke7 39. Bc2 e5 40. dxe5 Bxf2+
41. Kf1 f5 42. e6 Rc7 43. exf5 Bd5 44. f6+ Nxf6 45. Be5 Ng4 46. Bxc7 Bc4+ 47.
Bd3 Bxd3+ 48. Re2 Bxe2+ 49. Kxe2 Kxe6 50. Kd3 Kd5 51. Bf4 Bb6 52. Bd2 Bc7 53.
Bc3 Nf2+ 54. Ke2 Kc4 55. Be5 Bb6 56. Bd6 Ne4 57. Ne5+ Kd5 58. Bb8 a5 59. bxa5
Bxa5 60. Ng6 Kd4 61. Kf3 Nd2+ 62. Kf4 Kc3 63. Kg5 b4 64. Bf4 b3 65. Kxh5 Nc4
66. Bh6 Kc2 67. Bg7 Bc3 68. Bxc3 Kxc3 69. g4 b2 70. g5 b1=Q 71. Kh6 Qf5 72. Kg7
Ne5 73. Nh8 Qxg5+ 74. Ng6 Qxg6+ 75. Kh8 75... Nf7# {Hossa checkmated} 0-1

[Event "ICS rated blitz match"]
[Site "207.99.83.229"]
[Date "1999.07.08"]
[Round "?"]
[White "postalex"]
[Black "Hossa"]
[Result "0-1"]
[WhiteElo "2153"]
[BlackElo "2362"]
[PlyCount "57"]

1. e4 e5 2. Nf3 Qf6 3. Nc3 Ne7 4. Bc4 d6 5. d3 Bg4 6. Bg5 Bxf3 7. Qd2 Qg6 8.
gxf3 Nbc6 9. O-O-O O-O-O 10. Rhg1 Qh5 11. f4 f6 12. fxe5 fxg5 13. Rxg5 Qxh2 14.
exd6 Qxd6 15. Nb5 Qd7 16. c3 a6 17. Na3 Ng6 18. Nc2 Nge5 19. Bd5 Nf3 20. Qf4
Nxg5 21. Qxg5 Ne7 22. Bb3 Qb5 23. Qg4+ Kb8 24. Nd4 Qb6 25. f4 Nc6 26. Ne6 Qe3+
27. Kc2 Re8 28. f5 Ne5 29. Rg1 {postalex resigns} 0-1

[Event "ICS rated blitz match"]
[Site "207.99.83.229"]
[Date "1999.07.08"]
[Round "?"]
[White "RedBear"]
[Black "Hossa"]
[Result "1/2-1/2"]
[WhiteElo "2492"]
[BlackElo "2369"]
[PlyCount "172"]

1. e4 d6 2. d4 Nf6 3. Nc3 Nc6 4. Nf3 e6 5. Be2 Be7 6. O-O O-O 7. Bf4 Qd7 8. Re1
d5 9. exd5 exd5 10. Bd3 a6 11. Ne5 Qd8 12. Nxc6 bxc6 13. h3 Rb8 14. Qc1 Re8 15.
b3 a5 16. Na4 Bd6 17. Rxe8+ Qxe8 18. Qd2 Bxf4 19. Qxf4 Qe7 20. Qh4 Qb4 21. c3
Qf8 22. Nc5 Qe8 23. Kf1 Qf8 24. Re1 Qd6 25. Re5 Bd7 26. Rg5 g6 27. Re5 Nh5 28.
Rxh5 gxh5 29. Qg5+ Kh8 30. Nxd7 Qxd7 31. Bf5 Qd8 32. Qh6 Qg8 33. g3 c5 34. dxc5
Qg7 35. Qxh5 Kg8 36. Bd3 c6 37. c4 dxc4 38. Bxc4 Re8 39. Qf3 Qg6 40. Bd3 Qh6
41. Qg4+ Kh8 42. Qd7 Rf8 43. Qd4+ Kg8 44. Qg4+ Kh8 45. Qf5 Re8 46. h4 Rf8 47.
Qe5+ Kg8 48. Kg2 Rd8 49. Bc4 Qg6 50. h5 Qh6 51. Qf5 Rf8 52. Qg4+ Kh8 53. Qf3
Kg8 54. a4 Kg7 55. Qc3+ Kg8 56. Qxa5 Qxh5 57. Qb6 Qg6 58. Be2 f5 59. Bc4+ Kh8
60. Qc7 f4 61. Qe5+ Rf6 62. Qb8+ Kg7 63. Qg8+ Kh6 64. Qxg6+ hxg6 65. g4 Rf8 66.
Kf3 Kg5 67. a5 Re8 68. Bf7 Ra8 69. b4 Rb8 70. Ke4 Rxb4+ 71. Ke5 Rb5 72. Kd6
Rxa5 73. Kxc6 Ra3 74. Kd6 Kxg4 75. Bd5 Rc3 76. c6 Kh4 77. c7 Rxc7 78. Kxc7 g5
79. Be6 g4 80. Kd6 g3 81. fxg3+ Kxg3 82. Ke5 Kf3 83. Bd5+ Kg3 84. Be6 Kf3 85.
Bd5+ Kg3 86. Be6 86... Kf3 {Game drawn by repetition} 1/2-1/2

[Event "ICS rated blitz match"]
[Site "207.99.83.229"]
[Date "1999.07.08"]
[Round "?"]
[White "Hossa"]
[Black "DrLushin"]
[Result "0-1"]
[WhiteElo "2374"]
[BlackElo "2342"]
[PlyCount "66"]

1. d4 Nf6 2. c4 g6 3. g3 Bg7 4. Bg2 d5 5. Qa4+ Bd7 6. Qb3 Nc6 7. Nf3 Na5 8. Qb4
Nxc4 9. Qxb7 O-O 10. O-O Nd6 11. Qb3 Rb8 12. Qa3 Nb5 13. Qa5 Ne4 14. a4 Nbd6
15. Qxd5 c6 16. Qa2 Be6 17. Qa3 Rb3 18. Qa2 Rxf3 19. Qxe6 fxe6 20. exf3 Nxf2
21. Kxf2 Bxd4+ 22. Ke2 Qb6 23. Nc3 Qb3 24. Kd3 Nc4 25. f4 Rd8 26. Ke2 Qc2+ 27.
Bd2 Bxc3 28. Rfd1 Rxd2+ 29. Rxd2 Qxd2+ 30. Kf3 Qd3+ 31. Kg4 h5+ 32. Kh3 Qf5+
33. Kh4 33... Qg4# {Hossa checkmated} 0-1

[Event "ICS Rated standard match"]
[Site "207.99.83.229"]
[Date "1999.07.08"]
[Round "?"]
[White "drstrangemove"]
[Black "Hossa"]
[Result "1-0"]
[WhiteElo "2023"]
[BlackElo "2323"]
[PlyCount "47"]

1. Nf3 Nf6 2. c4 Nc6 3. d4 e6 4. d5 exd5 5. cxd5 Bb4+ 6. Nc3 Ne7 7. e4 Nxe4 8.
Qd4 Bxc3+ 9. bxc3 Nf6 10. d6 cxd6 11. Bd3 O-O 12. Bg5 Nc6 13. Qh4 Qe7+ 14. Kd2
h6 15. Bxh6 gxh6 16. Rae1 Ne5 17. Qxh6 Qe6 18. Qg5+ Kh8 19. Nxe5 dxe5 20. Rxe5
Nh7 21. Bxh7 Qc4 22. Qf6+ Kxh7 23. Rh5+ Kg8 24. Rh8# {Hossa checkmated} 1-0

[Event "ICS Rated blitz match"]
[Site "207.99.83.229"]
[Date "1999.07.08"]
[Round "?"]
[White "Hossa"]
[Black "Muri"]
[Result "1-0"]
[WhiteElo "2362"]
[BlackElo "2398"]
[PlyCount "95"]

1. d4 Nf6 2. c4 g6 3. g3 Bg7 4. Bg2 O-O 5. Nc3 d6 6. Nf3 Nbd7 7. O-O c6 8. e4
Qa5 9. Qe2 e5 10. Be3 Ng4 11. d5 Nxe3 12. fxe3 c5 13. Nb5 Qb6 14. a4 Nf6 15. a5
Qd8 16. Nc3 Bd7 17. Ra2 a6 18. Ra3 Ne8 19. Rb3 Qc7 20. Nh4 Bf6 21. Rf2 Bxh4 22.
gxh4 Qxa5 23. Rxb7 Bc8 24. Rb3 Qc7 25. h5 Rb8 26. Rxb8 Qxb8 27. Qf3 Qc7 28.
hxg6 hxg6 29. Bf1 Qe7 30. Qg3 Ng7 31. Bg2 Nh5 32. Qf3 Qg5 33. Qe2 Kg7 34. Kh1
Bg4 35. Qe1 Rh8 36. Rf1 Bd7 37. Rf3 f5 38. exf5 gxf5 39. Qf2 Nf6 40. Bh3 Qh4
41. Bxf5 Bxf5 42. Rxf5 Qxf2 43. Rxf2 Rh4 44. b3 Ng4 45. Re2 Rh3 46. Ne4 Nxe3
47. Nxd6 Ng4 48. Rg2 {Muri resigns} 1-0

[Event "ICS rated blitz match"]
[Site "207.99.83.229"]
[Date "1999.07.08"]
[Round "?"]
[White "zhora"]
[Black "Hossa"]
[Result "0-1"]
[WhiteElo "2116"]
[BlackElo "2367"]
[PlyCount "64"]

1. e4 e5 2. Nc3 Nf6 3. g3 d5 4. exd5 Nxd5 5. Bg2 Nxc3 6. bxc3 Nd7 7. d3 Bd6 8.
Ne2 O-O 9. O-O Nf6 10. Rb1 Rb8 11. Be3 b6 12. h3 Be6 13. c4 Qd7 14. Kh2 Rbd8
15. Nc3 e4 16. Nxe4 Nxe4 17. Bxe4 f5 18. Bg2 f4 19. gxf4 Rde8 20. Qf3 Qa4 21.
Rb2 Qa5 22. Kh1 Qc3 23. Rb5 Qxc2 24. Qd1 Qxa2 25. Rh5 Bf7 26. Rh4 Be7 27. Rg4
Rd8 28. Bd5 Bxd5+ 29. cxd5 Qxd5+ 30. Kh2 Qxd3 31. Qa4 Qxf1 32. Qc4+ 32... Qxc4
{zhora resigns} 0-1

[Event "ICS Rated standard match"]
[Site "207.99.83.229"]
[Date "1999.07.08"]
[Round "?"]
[White "Hossa"]
[Black "ChessBlade"]
[Result "1-0"]
[WhiteElo "2296"]
[BlackElo "1940"]
[PlyCount "65"]

1. d4 d5 2. c4 dxc4 3. e4 e5 4. Nf3 exd4 5. Bxc4 Bb4+ 6. Nbd2 Nc6 7. O-O Nf6 8.
e5 Nd5 9. Nb3 Nb6 10. Bb5 Qd5 11. Nfxd4 O-O 12. Bxc6 bxc6 13. Qe2 c5 14. Nc2
Bb7 15. f4 Rfd8 16. Ne3 Qd3 17. Qg4 c4 18. Nf5 g6 19. Nh6+ Kf8 20. f5 Qe4 21.
fxg6 Qxg4 22. Rxf7+ Ke8 23. Nxg4 hxg6 24. Rxc7 Rd1+ 25. Kf2 cxb3 26. Rxb7 Rc8
27. axb3 Rdxc1 28. Raxa7 R1c2+ 29. Kf3 Nd5 30. Rd7 Nc7 31. Nf6+ Kf8 32. Rh7 Ne8
33. Rh8# {ChessBlade checkmated} 1-0

[Event "ICS Rated blitz match"]
[Site "207.99.83.229"]
[Date "1999.07.08"]
[Round "?"]
[White "j724"]
[Black "Hossa"]
[Result "0-1"]
[WhiteElo "2100"]
[BlackElo "2382"]
[PlyCount "72"]

1. d4 a6 2. Nf3 Nf6 3. Bf4 e6 4. e3 Bb4+ 5. c3 Be7 6. Bd3 Nd5 7. Bg3 O-O 8. e4
Nb6 9. Nbd2 Nc6 10. O-O f5 11. h3 fxe4 12. Nxe4 Nd5 13. Rc1 Nf4 14. Bb1 Kh8 15.
Qc2 Rb8 16. Nf6 Ne2+ 17. Qxe2 Bxf6 18. Qd3 g6 19. Ne5 Nxe5 20. dxe5 Bg7 21.
Rcd1 Qg5 22. f4 Qe7 23. Qf3 Bxe5 24. Qg4 Bf6 25. h4 Qc5+ 26. Kh2 Qb6 27. h5
Qxb2 28. hxg6 h6 29. Qh5 Kg7 30. f5 d6 31. Bf4 Rh8 32. fxe6 Bxe6 33. Be3 Rbf8
34. Rf2 Qxc3 35. Bc1 Be5+ 36. Bf4 36... Rxf4 {j724 resigns} 0-1

[Event "ICS Rated blitz match"]
[Site "207.99.83.229"]
[Date "1999.07.08"]
[Round "?"]
[White "ParalyseCabbage"]
[Black "Hossa"]
[Result "1/2-1/2"]
[WhiteElo "2110"]
[BlackElo "2387"]
[PlyCount "63"]

1. d4 d5 2. c4 dxc4 3. e3 b5 4. a4 bxa4 5. Bxc4 Nf6 6. Nf3 a3 7. Ne5 e6 8. Nxa3
Bd6 9. Qf3 Bb4+ 10. Ke2 c6 11. Nc2 Be7 12. Rd1 O-O 13. Kf1 Bd6 14. Nd3 Qc7 15.
h3 Nbd7 16. Bd2 Nb6 17. Ba5 Bb7 18. Nc5 Rae8 19. b4 Ba8 20. Bd3 Re7 21. e4 e5
22. dxe5 Bxe5 23. Rac1 Bf4 24. Ne3 Bxe3 25. Qxe3 Qh2 26. f3 Rd8 27. Be2 Rde8
28. Qg1 Qg3 29. Qf2 Qh2 30. Qg1 Qg3 31. Qf2 Qh2 32. Qg1 {
Game drawn by repetition} 1/2-1/2

[Event "ICS rated blitz match"]
[Site "207.99.83.229"]
[Date "1999.07.08"]
[Round "?"]
[White "Hossa"]
[Black "ParalyseCabbage"]
[Result "1-0"]
[WhiteElo "2376"]
[BlackElo "2116"]
[PlyCount "27"]

1. d4 d5 2. c4 c6 3. Nc3 Nf6 4. Nf3 a6 5. cxd5 cxd5 6. Bg5 Nc6 7. Rc1 Ne4 8. e3
Nxc3 9. Rxc3 h6 10. Bf4 g6 11. Ne5 Bd7 12. Qb3 Nxe5 13. Bxe5 f6 14. Bc7 {
ParalyseCabbage resigns} 1-0

[Event "ICS rated standard match"]
[Site "207.99.83.229"]
[Date "1999.07.08"]
[Round "?"]
[White "fishless"]
[Black "Hossa"]
[Result "0-1"]
[WhiteElo "1926"]
[BlackElo "2300"]
[PlyCount "36"]

1. e4 d6 2. c4 e5 3. Nf3 f5 4. d3 Nf6 5. Nc3 Be7 6. Be2 Nc6 7. O-O O-O 8. Qb3
Nd4 9. Nxd4 exd4 10. Nd5 fxe4 11. Nxf6+ Bxf6 12. dxe4 Qe7 13. Bf3 Be5 14. Bd2
Qh4 15. h3 Bxh3 16. c5+ Kh8 17. Qxb7 Bxg2 18. a3 18... Qh2# {
fishless checkmated} 0-1

[Event "ICS Rated standard match"]
[Site "207.99.83.229"]
[Date "1999.07.08"]
[Round "?"]
[White "camb"]
[Black "Hossa"]
[Result "1-0"]
[WhiteElo "2465"]
[BlackElo "2303"]
[PlyCount "65"]

1. d4 d5 2. c4 c6 3. Nf3 Nf6 4. Nc3 e6 5. e3 Nbd7 6. Bd3 dxc4 7. Bxc4 b5 8. Bd3
Bb7 9. O-O a6 10. e4 c5 11. e5 Nd5 12. Nxd5 Bxd5 13. Qe2 Be7 14. a4 Bxf3 15.
Qxf3 cxd4 16. Qg3 Qc7 17. axb5 Qxe5 18. Bf4 Qh5 19. Qxg7 Bf6 20. Qg3 e5 21. Bd2
Bh4 22. Qh3 Nc5 23. Bf5 Qe2 24. Qxh4 Qxd2 25. Rfe1 Ne6 26. Bxe6 fxe6 27. Qf6
Kd7 28. Qg7+ Kd8 29. Rec1 Qxb2 30. Qxh8+ Ke7 31. Rc7+ Kd6 32. Rxa6+ Kd5 33.
Qxa8# {Hossa checkmated} 1-0

[Event "ICS Rated blitz match"]
[Site "207.99.83.229"]
[Date "1999.07.08"]
[Round "?"]
[White "Hossa"]
[Black "skymaster"]
[Result "1/2-1/2"]
[WhiteElo "2382"]
[BlackElo "2308"]
[PlyCount "111"]

1. d4 c6 2. e4 d5 3. exd5 cxd5 4. Bd3 Nf6 5. Nf3 Nc6 6. O-O Bg4 7. c3 e6 8.
Nbd2 Be7 9. Qb3 Rb8 10. Ne5 Nxe5 11. dxe5 Nd7 12. Qa4 Bh5 13. Qxa7 Nxe5 14.
Qa4+ Nc6 15. Re1 O-O 16. Qc2 Bg6 17. Bxg6 hxg6 18. Nf3 Bf6 19. Bf4 Ra8 20. Qe2
Re8 21. Be3 e5 22. Qb5 Qd7 23. Rad1 Rad8 24. Bb6 e4 25. Bxd8 exf3 26. Rxe8+
Qxe8 27. Bxf6 gxf6 28. Qxb7 Qe2 29. Qa8+ Kg7 30. Rb1 Qe4 31. gxf3 Qxb1+ 32. Kg2
Ne5 33. Qxd5 Qxb2 34. f4 Ng4 35. Qf3 f5 36. a4 Qa3 37. h3 Nf6 38. Qc6 Ne4 39.
Qd5 Qxc3 40. a5 Qa1 41. Qe5+ Qxe5 42. fxe5 Nc5 43. f4 Kf8 44. h4 Ke7 45. Kg3
Kd7 46. h5 gxh5 47. Kh4 Ne6 48. Kxh5 Nxf4+ 49. Kg5 Nd5 50. Kxf5 Nc7 51. Kf6 Ke8
52. a6 Kf8 53. a7 Ke8 54. e6 fxe6 55. a8=Q+ Nxa8 56. Kxe6 {
Game drawn because neither player has mating material} 1/2-1/2

[Event "ICS rated standard match"]
[Site "207.99.83.229"]
[Date "1999.07.08"]
[Round "?"]
[White "Hossa"]
[Black "fishless"]
[Result "0-1"]
[WhiteElo "2294"]
[BlackElo "1961"]
[PlyCount "147"]

1. d4 c5 2. d5 e6 3. dxe6 fxe6 4. Nc3 d5 5. e4 d4 6. Qh5+ g6 7. Qe5 Qf6 8. Qxf6
Nxf6 9. Nb5 Na6 10. Bd3 Bd7 11. e5 Nd5 12. Bd2 Be7 13. Ne2 O-O 14. Bh6 Bxb5 15.
Bxb5 Rf5 16. Bxa6 bxa6 17. O-O Rxe5 18. Ng3 Rb8 19. b3 Bh4 20. Rae1 Bxg3 21.
hxg3 Rxe1 22. Rxe1 Kf7 23. Re5 Rc8 24. a3 c4 25. Re4 cxb3 26. cxb3 d3 27. Ra4
Rc6 28. Rh4 Rc2 29. Bg5 h5 30. g4 d2 31. Bxd2 Rxd2 32. gxh5 gxh5 33. Rxh5 Rd1+
34. Kh2 Kg6 35. Rh3 Nf6 36. Rc3 Rd2 37. f3 Ra2 38. a4 Nd5 39. Rc8 Rb2 40. Re8
Kf5 41. Rf8+ Ke5 42. Rf7 Nf4 43. Rg7 Rxb3 44. Rxa7 Rb2 45. Rg7 Ra2 46. Rg8 Rxa4
47. g4 Ra2+ 48. Kg3 a5 49. Rg5+ Kf6 50. Rg8 Ng6 51. Ra8 a4 52. Ra5 e5 53. Ra6+
Kg5 54. Ra5 Re2 55. Ra8 Ra2 56. Ra5 Kf6 57. Ra6+ Kg5 58. Ra5 Kh6 59. Ra6 a3 60.
Ra5 Ra1 61. Ra6 a2 62. Kg2 Kg5 63. Kh2 Nf4 64. Ra5 Nd3 65. Ra4 Nc1 66. f4+ exf4
67. Kh3 f3 68. Kg3 Ne2+ 69. Kf2 Nc3 70. Ra8 Rb1 71. Kxf3 a1=Q 72. Rg8+ Kf6 73.
g5+ Kf7 74. Rd8 {Hossa resigns} 0-1

[Event "ICS rated bullet match"]
[Site "207.99.83.229"]
[Date "1999.07.08"]
[Round "?"]
[White "Hossa"]
[Black "DiepX"]
[Result "0-1"]
[WhiteElo "2407"]
[BlackElo "2539"]
[PlyCount "43"]

1. d4 d5 2. Nf3 Nf6 3. c4 e6 4. Bg5 Bb4+ 5. Nc3 h6 6. Bxf6 Qxf6 7. cxd5 exd5 8.
Qb3 c5 9. Qxd5 Nc6 10. Qe4+ Be6 11. e3 O-O-O 12. Rc1 Bf5 13. Qh4 g5 14. Qg3
cxd4 15. exd4 Nxd4 16. Ne5 Rhe8 17. Be2 Nxe2 18. Kxe2 Qxe5+ 19. Qxe5 Rxe5+ 20.
Kf1 Bxc3 21. f4 Ra5 22. fxg5 {Hossa resigns} 0-1

[Event "ICS Rated blitz match"]
[Site "207.99.83.229"]
[Date "1999.07.08"]
[Round "?"]
[White "beatchess"]
[Black "Hossa"]
[Result "0-1"]
[WhiteElo "2087"]
[BlackElo "2379"]
[PlyCount "24"]

1. e4 g6 2. d4 Bg7 3. Nc3 d6 4. f4 Nf6 5. Nf3 O-O 6. Bd3 Na6 7. Bd2 Nb4 8. Qe2
c5 9. d5 c4 10. Bxc4 Nxc2+ 11. Kf2 Qb6+ 12. Kg3 12... Nh5+ {beatchess resigns}
0-1

[Event "ICS rated blitz match"]
[Site "207.99.83.229"]
[Date "1999.07.08"]
[Round "?"]
[White "JudgeTurpin"]
[Black "Hossa"]
[Result "1-0"]
[WhiteElo "2449"]
[BlackElo "2389"]
[PlyCount "96"]

1. Nf3 Nf6 2. c4 g6 3. g3 Nc6 4. d4 Bg7 5. d5 Na5 6. Na3 O-O 7. Bg2 c6 8. b4
Ne4 9. Nd2 Bxa1 10. Nxe4 f5 11. Nd2 f4 12. bxa5 Qxa5 13. O-O fxg3 14. hxg3 Be5
15. Nb3 Qb4 16. c5 Bg7 17. f4 cxd5 18. Qxd5+ Kh8 19. Qc4 Qc3 20. Qxc3 Bxc3 21.
Nb5 Bg7 22. Kf2 a6 23. Nc7 Rb8 24. Nd5 Re8 25. Ba3 g5 26. e3 a5 27. Nxa5 gxf4
28. gxf4 Bf6 29. Nb6 Bc3 30. Nac4 h6 31. Rg1 Rd8 32. Bd5 Kh7 33. Be4+ Kh8 34.
Nd5 Bf6 35. Nxe7 d5 36. cxd6 Be6 37. Ng6+ Kg8 38. Nge5+ Bg7 39. Nb6 h5 40. d7
Bxa2 41. Bd6 Be6 42. Bxb8 Rxb8 43. Bd5 Kh8 44. Bxe6 Bxe5 45. fxe5 Rf8+ 46. Ke1
Rd8 47. Rg8+ Rxg8 48. Bxg8 48... h4 {Hossa resigns} 1-0

[Event "ICS rated bullet match"]
[Site "207.99.83.229"]
[Date "1999.07.08"]
[Round "?"]
[White "Hossa"]
[Black "DiepX"]
[Result "0-1"]
[WhiteElo "2420"]
[BlackElo "2526"]
[PlyCount "174"]

1. d4 Nf6 2. Nf3 g6 3. c4 c5 4. dxc5 Qa5+ 5. Nc3 Bg7 6. Qa4 Qxc5 7. Be3 Qh5 8.
Bg5 O-O 9. O-O-O d6 10. Bxf6 Bxf6 11. Nd5 Bd7 12. Qb4 Bc6 13. Nxf6+ exf6 14.
Qxd6 Qf5 15. h4 Re8 16. h5 g5 17. Rh3 g4 18. Rg3 Qxh5 19. Qxf6 Nd7 20. Qg5+
Qxg5+ 21. Nxg5 h6 22. Nf3 Nf6 23. Rd6 Ne4 24. Rxg4+ Kh7 25. Rd4 Rad8 26. Rxd8
Rxd8 27. Rf4 Kg7 28. Ne5 Nd2 29. Nxf7 Rd7 30. Ne5 Rd8 31. Rf7+ Kg8 32. Nxc6
bxc6 33. Rxa7 Nxf1 34. Re7 Rd6 35. Re4 Rf6 36. f3 Kf7 37. g4 Ng3 38. Re3 Rf4
39. b3 Rd4 40. a4 Kf6 41. Kc2 h5 42. gxh5 Rh4 43. Re8 Rxh5 44. Rc8 Rh2 45.
Rxc6+ Kf5 46. Kd3 Nxe2 47. Ke3 Nc1 48. Rc5+ Ke6 49. Rb5 Re2+ 50. Kd4 Rd2+ 51.
Kc3 Rf2 52. b4 Rxf3+ 53. Kc2 Nd3 54. Rb8 Ke5 55. c5 Kd5 56. Kd2 Rg3 57. a5 Kc4
58. b5 Nxc5 59. a6 Rd3+ 60. Ke1 Ra3 61. b6 Rxa6 62. Kf2 Ra2+ 63. Kf3 Rb2 64.
Kf4 Kd5 65. Kf5 Rf2+ 66. Kg5 Kc6 67. Kg4 Rd2 68. Kf3 Rd3+ 69. Kf4 Nd7 70. Rc8+
Kxb6 71. Ke4 Rd2 72. Ke3 Rb2 73. Kf3 Kb5 74. Ke3 Nb6 75. Rb8 Kc5 76. Kd3 Rb1
77. Ke2 Kd4 78. Kf2 Rb3 79. Kg2 Kc5 80. Kf2 Ra3 81. Ke2 Nc4 82. Rc8+ Kd4 83.
Kf2 Ne5 84. Rd8+ Ke4 85. Rd2 Nd3+ 86. Kf1 Ra1+ 87. Ke2 87... Re1# {
Hossa checkmated} 0-1

[Event "ICS Rated bullet match"]
[Site "207.99.83.229"]
[Date "1999.07.08"]
[Round "?"]
[White "DiepX"]
[Black "Hossa"]
[Result "1-0"]
[WhiteElo "2537"]
[BlackElo "2409"]
[PlyCount "131"]

1. e4 g6 2. Nc3 Nc6 3. d4 Bg7 4. Be3 d6 5. Qd2 Nf6 6. f3 e5 7. d5 Nd4 8. Nd1
Qd7 9. c3 Nxd5 10. exd5 Nf5 11. Bd3 Ne7 12. c4 c6 13. dxc6 Qxc6 14. Ne2 O-O 15.
Rc1 Bf5 16. Nec3 Rfc8 17. Nb5 Qa6 18. Ndc3 Bxd3 19. Qxd3 Nf5 20. Bd2 Qc6 21.
Ne4 Qa6 22. O-O Qxa2 23. Nbxd6 Rd8 24. Ra1 Qxb2 25. Rfb1 Qd4+ 26. Qxd4 exd4 27.
Nxb7 Rd7 28. Nbc5 Rc7 29. Bf4 Rcc8 30. Kf2 Ne3 31. Rb7 Nxc4 32. Raxa7 Rxa7 33.
Rxa7 d3 34. Rd7 f5 35. Ne6 fxe4 36. Rxg7+ Kh8 37. fxe4 Re8 38. Rc7 Rxe6 39.
Rxc4 g5 40. Bxg5 Kg7 41. Ke3 Rd6 42. Rd4 Rg6 43. Rd7+ Kg8 44. h4 h6 45. Bf4
Rxg2 46. Bxh6 Rg3+ 47. Kd2 Kh8 48. Bg5 Kg8 49. Kc3 Rg1 50. Bf6 Rf1 51. e5 Kf8
52. Rd6 Kf7 53. Kxd3 Rd1+ 54. Ke3 Re1+ 55. Kf4 Kg6 56. Bg5+ Kf7 57. e6+ Kg6 58.
e7+ Kh7 59. Rd8 Rf1+ 60. Kg4 Rg1+ 61. Kh5 Re1 62. e8=Q Rxe8 63. Rxe8 Kg7 64.
Re7+ Kf8 65. Kg6 Kg8 66. Re8# {Hossa checkmated} 1-0

[Event "ICS rated bullet match"]
[Site "207.99.83.229"]
[Date "1999.07.08"]
[Round "?"]
[White "Hossa"]
[Black "DiepX"]
[Result "0-1"]
[WhiteElo "2399"]
[BlackElo "2547"]
[PlyCount "136"]

1. d4 d5 2. Nf3 Nf6 3. c4 c6 4. e3 Bf5 5. Be2 e6 6. Qb3 Qc7 7. cxd5 exd5 8. Nc3
Nbd7 9. Bd2 Qb6 10. Qxb6 axb6 11. O-O Bd6 12. Nh4 Bg6 13. Nxg6 hxg6 14. h3 b5
15. a3 Nb6 16. Bd3 Nc4 17. Bc1 b4 18. Nb1 Kd7 19. a4 Na5 20. Nd2 Rae8 21. Rd1
b3 22. Nf3 Ne4 23. Bxe4 dxe4 24. Ng5 f6 25. Nf7 Rh5 26. Bd2 Bc7 27. d5 Rxd5 28.
Bxa5 Bxa5 29. Rxd5+ cxd5 30. Ra3 Rf8 31. Rxb3 Kc6 32. Nd6 Kxd6 33. Rxb7 Bc7 34.
Rb3 Ra8 35. Ra3 Rb8 36. b3 Kc6 37. Kf1 Bd6 38. b4 Rxb4 39. Ra1 f5 40. a5 Be5
41. Ra2 d4 42. exd4 Bxd4 43. Ke2 Rb3 44. a6 Ba7 45. Rc2+ Kb5 46. Ra2 g5 47. Ke1
g6 48. g3 Rb1+ 49. Ke2 Rh1 50. g4 Rxh3 51. gxf5 gxf5 52. Ke1 Rh2 53. Rd2 Rxf2
54. Rxf2 Bxf2+ 55. Kxf2 e3+ 56. Ke1 Kxa6 57. Ke2 g4 58. Kd3 f4 59. Kd4 e2 60.
Kc4 e1=Q 61. Kd5 f3 62. Kc4 Qe4+ 63. Kc3 g3 64. Kd2 Qd4+ 65. Kc1 g2 66. Kc2
g1=Q 67. Kb3 Qb1+ 68. Ka3 68... Qbb2# {Hossa checkmated} 0-1

[Event "ICS rated bullet match"]
[Site "207.99.83.229"]
[Date "1999.07.08"]
[Round "?"]
[White "DiepX"]
[Black "Hossa"]
[Result "1-0"]
[WhiteElo "2557"]
[BlackElo "2389"]
[PlyCount "127"]

1. e4 d5 2. exd5 Nf6 3. d4 Nxd5 4. c4 Nf6 5. Nf3 e6 6. Nc3 Nc6 7. Be3 Bd6 8.
Bd3 O-O 9. O-O e5 10. d5 Nb4 11. Bb1 Bg4 12. a3 Na6 13. b4 Nb8 14. Bc2 a5 15.
bxa5 Nbd7 16. Rb1 Qc8 17. Re1 Ra6 18. h3 Bh5 19. Bd2 Nc5 20. Qe2 Re8 21. Bg5
Bf8 22. Qe3 Nfd7 23. Ne4 f6 24. Bh4 Nxe4 25. Bxe4 Nc5 26. Nd2 Qd7 27. Rb5 Qe7
28. Bf5 Rb8 29. Ne4 Nxe4 30. Qxe4 g5 31. Bg3 Be8 32. Rb3 Bh5 33. h4 Bh6 34.
hxg5 Bxg5 35. f4 Bh6 36. fxe5 fxe5 37. Qxe5 Qc5+ 38. Kh1 Bd2 39. Be6+ Bf7 40.
Qxc7 Qxc7 41. Bxc7 Bxe1 42. Bxf7+ Kxf7 43. Bxb8 Rxa5 44. Rxb7+ Kg6 45. Bd6 Ra4
46. Bb4 Bg3 47. c5 Ra8 48. c6 h5 49. d6 Rf8 50. Kg1 Bf2+ 51. Kh2 Bd4 52. d7
Be5+ 53. g3 Ra8 54. Bc3 Bxc3 55. c7 Bf6 56. c8=Q Rxa3 57. Qg8+ Kf5 58. Rb5+ Ke4
59. Qe6+ Kd3 60. Rd5+ Kc4 61. Qc6+ Kb3 62. Rb5+ Ka2 63. Qc2+ Bb2 64. Qxb2# {
Hossa checkmated} 1-0

[Event "ICS rated blitz match"]
[Site "207.99.83.229"]
[Date "1999.07.08"]
[Round "?"]
[White "Beadle"]
[Black "Hossa"]
[Result "1-0"]
[WhiteElo "2551"]
[BlackElo "2376"]
[PlyCount "142"]

1. e4 e5 2. Nf3 Qf6 3. Bc4 Bc5 4. Nc3 Ne7 5. d3 O-O 6. Bg5 Qb6 7. Bxe7 Bxe7 8.
Nd5 Qd6 9. Qd2 Nc6 10. Qc3 Bd8 11. O-O Kh8 12. Rae1 f5 13. Kh1 fxe4 14. Rxe4 b5
15. Bb3 Bb7 16. Nxe5 Ne7 17. Nxe7 Bxe4 18. dxe4 Qxe7 19. Qd4 c6 20. Nxd7 Bb6
21. Nxb6 axb6 22. Qe3 Rae8 23. Re1 c5 24. c3 c4 25. Bc2 Qf6 26. f3 Re6 27. e5
Qh4 28. Qe4 Qh5 29. Qd5 Rfe8 30. f4 Rh6 31. h3 Rf8 32. f5 Qh4 33. Rf1 Qh5 34.
Rf2 Qh4 35. Kg1 Qg3 36. Qxb5 Rxh3 37. Qxb6 Rh4 38. f6 Qh2+ 39. Kf1 Qxe5 40.
fxg7+ Qxg7 41. Rxf8+ Qxf8+ 42. Ke2 Rg4 43. Qb7 Qe8+ 44. Kf3 Rg7 45. Qd5 Qf7+
46. Qxf7 Rxf7+ 47. Ke2 Ra7 48. b4 Rxa2 49. Kd1 Kg7 50. g4 Rb2 51. Kc1 Ra2 52.
g5 Ra7 53. Be4 Re7 54. Bd5 Kg6 55. Bxc4 Kxg5 56. Bd5 h5 57. b5 h4 58. b6 h3 59.
b7 Re1+ 60. Kc2 Re8 61. c4 h2 62. c5 Rd8 63. Bh1 Rf8 64. c6 Rf2+ 65. Kd3 Ra2
66. c7 Ra3+ 67. Kc2 Ra2+ 68. Kc3 Ra5 69. c8=Q Ra1 70. Qg8+ Kf6 71. b8=Q 71...
Rc1+ {Hossa resigns} 1-0

[Event "ICS Rated blitz match"]
[Site "207.99.83.229"]
[Date "1999.07.08"]
[Round "?"]
[White "Hossa"]
[Black "Beadle"]
[Result "0-1"]
[WhiteElo "2367"]
[BlackElo "2560"]
[PlyCount "89"]

1. e3 d5 2. Nf3 Nf6 3. Bb5+ Bd7 4. Be2 Nc6 5. d4 Bg4 6. O-O Bxf3 7. Bxf3 e5 8.
c4 e4 9. cxd5 exf3 10. dxc6 fxg2 11. Kxg2 Qd5+ 12. Qf3 bxc6 13. Nc3 Qxf3+ 14.
Kxf3 c5 15. d5 Bd6 16. Rh1 Be5 17. e4 Rb8 18. Na4 Bd4 19. Rb1 O-O 20. Bf4 Nd7
21. Bxc7 Rb4 22. b3 f5 23. e5 Bxe5 24. Bxe5 Nxe5+ 25. Ke2 c4 26. h3 cxb3 27.
axb3 Re8 28. Rhd1 Rh4 29. Kf1 Rxh3 30. Kg2 Rh4 31. Rh1 Rg4+ 32. Kf1 Rf4 33. Rd1
Rc8 34. Kg1 Rc2 35. Rf1 Rg4+ 36. Kh2 Rd2 37. Nc5 Nf3+ 38. Kh3 Ng5+ 39. Kh2 Rdd4
40. Re1 Rh4+ 41. Kg2 Rdg4+ 42. Kf1 Rxh1+ 43. Ke2 Rxe1+ 44. Kxe1 Rd4 45. Ke2 {
Hossa resigns} 0-1